Statistics for Countries with Oldest Mothers

Click here to take the quiz!

General Stats

  • This quiz has been taken 35 times
  • The average score is 8 of 20

Answer Stats

AGECountry% Correct
31.3Italy
94%
31.2Spain
88%
31.0South Korea
69%
31.1Switzerland
69%
30.8Luxembourg
63%
31.2Liechtenstein
59%
31.0Singapore
59%
30.8Andorra
56%
31.2Ireland
56%
32.2San Marino
50%
31.6Saudi Arabia
31%
31.8Algeria
25%
30.8Oman
25%
31.1Tunisia
25%
32.9Libya
22%
31.4Tonga
19%
32.7Djibouti
9%
30.9Timor-Leste
9%
30.8Eritrea
6%
31.5South Sudan
6%

Score Distribution

Percentile by Number Answered

Percent of People with Each Score

Your Score History

You have not taken this quiz